000 00696nam a2200229Ii 4500
003 JO-AjNU
008 230605s9999||||xx |||||||||||||| ||und||
017 _a2012/20675
020 _a978-977-6223-38-7
040 _aJO-AjNU
_bara
_erda
_cJO-AjNU
041 _aara
050 1 4 _ak325.2013
100 3 _a يوسف، يوسف حسن ,
_eauthor
_944413
245 0 0 _aمدخل لعلم القانون
250 _aط1
264 3 1 _aالقاهرة : المركز القومى للإصدارات القانونية ، 2013
300 _a250ص
336 _atext
_btxt
_2rdacontent
337 _aunmediated
_bn
_2rdamedia
338 _avolume
_bnc
_2rdacarrier
650 4 _aقانون
_944414
999 _aA19176
_c22744
_d22744